| 000 | 00931naa a22002777a 4500 | ||
|---|---|---|---|
| 001 | BR6005263 | ||
| 003 | BR-BrBNA | ||
| 005 | 20240918172908.0 | ||
| 007 | ta | ||
| 008 | 230509b bl.||||| |||| 00| 0 por d | ||
| 040 |
_aBR-BrBNA _bpor _cBiblioteca Nacional de Agricultura |
||
| 041 | _a(Pt) | ||
| 072 | _aP10 | ||
| 090 | _aP10 BR6005263 | ||
| 100 | 1 | _aZuber, A. | |
| 111 | 1 |
_a1. Seminario de Hidrogeologia _cPorto Alegre, RS (Brazil) _dOct Aug 1972 |
|
| 245 | 1 | _aOs radiotracadores em hidrogeologia | |
| 260 | 3 |
_aPorto Alegre, RS (Brasil): _c1972. |
|
| 500 | _aAnais do 1. Seminario de Hidrogeologia Porto Alegre, RS (Brasil): 1972. p. 167-197 (BR6005263-AM)P10 | ||
| 650 | _aRECURSO HIDRICO | ||
| 650 | _aAGUA | ||
| 650 | _aHIDROLOGIA | ||
| 773 | 0 |
_tAnais do 1. Seminario de Hidrogeologia _wP10 BR6005263 _gPorto Alegre, RS (Brasil), 1972. p. 167-197 |
|
| 909 |
_a202404 _bLucia _c55 _dLucia Elande |
||
| 942 |
_cAM _2AGRIS |
||
| 999 |
_c301954 _d301954 |
||